Регионална библиотека "Любен Каравелов" - Русе

Битие (Запис номер 151852)

MARC детайли
000 -Лидер
Контролно поле с фиксирана дължина 01769nam a2200433 c 4500
003 - Код на организацията, давaща контролен номер
Контролно поле BLK
005 - Дата и час на последна редакция
Контролно поле 20200527092707.0
008 - Елементи от данни с фиксирана дължина
fixed length control field 180410b bul|||||r ||||||| ||bul||
010 ## - Наследен системен номер
LC control number KNG00158287000
020 ## - Международен стандартен номер на книга ISBN
Международен стандартен номер на книга ISBN 978-954-499-010-8
040 ## - Източник на каталожния запис
Идентификатор на билиотеката - собственик на записа BLK
041 ## - Код за език
Код за езика на текст/звукозапис или на отделно заглавие Български
Код за езика КДБФ Български
072 #7 - Код за тематичната категория
Код организация bullib
Код за тематична категория Н10
Текст Философия Н
080 ## - УДК
Текстов определител УДК Космология. Философия на природата
УДК код - определител по УДК 113/119
УДК - код + определител 113/119
080 ## - УДК
Текстов определител УДК Принцип на относителността
УДК код - определител по УДК 530.12
УДК - код + определител 530.12
100 1# - Редна дума - Автор
Автор Кръстев, Кънчо Станев
Авторска отговорност първи автор
R(LIN) 272595
139 ## - Редно поле
Редна дума Кръстев, Кънчо Станев
Авторски знак Кръ - К 92
245 10 - Сведения за заглавието
Заглавие Битие
Подзаглавни данни Произход на вселената, алтернативна теория на относителността : Ч. 1 -
Редно поле (дума) Кънчо Станев Кръстев.
Том Ч. 1
257 ## - Страна на издаване
Страна на създаване/издаване България
260 ## - Област на издателските данни
Година на издаване 2012 -
Печатница Ямбол : Светлина
300 ## - Физическа характеристика
Размери/Мащаб 20 см
380 ## - Жанр
Жанр Философия
490 1# - СЕРИИ (Колекции)
Име на серия Библиотека Зора
650 #4 - Допълнително описание по предмет – тема
Основно описание – тема или топоним Космология
9 (RLIN) 159537
650 #4 - Допълнително описание по предмет – тема
Основно описание – тема или топоним Живот - произход и развитие
9 (RLIN) 248266
650 #4 - Допълнително описание по предмет – тема
Основно описание – тема или топоним Относителност
9 (RLIN) 165338
650 #4 - Допълнително описание по предмет – тема
Основно описание – тема или топоним Философия - проблеми
9 (RLIN) 281931
653 ## - Ключова дума – ненормативна
Ключова дума космология
653 ## - Ключова дума – ненормативна
Ключова дума живот
653 ## - Ключова дума – ненормативна
Ключова дума теория на относителността
653 ## - Ключова дума – ненормативна
Ключова дума философия
659 ## - Тематичен бюлетин
Тематичен бюлетин Н
760 1# - Описание на основната серия
Редна дума на основното описание Кръстев, Кънчо Станев
Място на издаване, издател и година Нова Зора, 2012
Страници - том 208 с. : с табл., сх.
Заглавие Ч. 1
852 ## - Местоположение
Форматна сигнатура Цб 263946
856 4# - Електронен адрес и достъп
Електронен формат pdf - файл
856 4# - Електронен адрес и достъп
Електронен формат pdf - файл
999 ## - СИСТЕМНИ КОНТРОЛНИ НОМЕРА
Koha biblionumber 151852
Koha biblioitemnumber 151852
942 ## - АРТИКУЛИ
Вид на библиотечния материал Книги
Скрит в OPAC Не
Периодичен библиозапис Да
944 ## - СЪЗДАВАНЕ И РЕДАКЦИЯ на ЗАПИСА
Създаване/Редакция Създаване
Дата на регистрацията/редакция 20.03.2014
Служител, извършил регистрацията/редакцията Пенка_Димитрова
944 ## - СЪЗДАВАНЕ И РЕДАКЦИЯ на ЗАПИСА
Създаване/Редакция Редакция
Дата на регистрацията/редакция 20.03.2014
999 ## - СИСТЕМНИ КОНТРОЛНИ НОМЕРА
Koha biblioitemnumber 151852
Наличности
Код за отписване Код за изгубен артикул Код за повреда Коз за рестрикции Код за отдаване Артикулен № Име на библиотеката - собственик Име на библиотеката, в която се намира в момента Статус (Текущо местоположение) Дата на вписване в системата Местоположение - отдел Цена в лева Инвентарен номер Систематично азбучна сигнатура Баркод Номер на екземпляра Цена в евро Служебна бележка Служебен тип на артикула
  Не е изгубен Не е повреден без рестрикции ползва се в читалня 253565 Регионална библиотека "Любен Каравелов" Русе Регионална библиотека "Любен Каравелов" Русе Хранилище 2014-03-20 Хранилище 10.00 120000775868 Цб 263946 120000775868 1 5.11 Дост: Dp Вид: Д N: 15 Дата: 08.04.2013 Книги
Vip Innovations Ltd, Rousse, Bulgaria 2025